| 000 | 01212nam a2200253Ia 4500 | ||
|---|---|---|---|
| 999 |
_c5724 _d5724 |
||
| 003 | OSt | ||
| 005 | 20200429105645.0 | ||
| 008 | 191128s1975 sp gr 000 0dspa d | ||
| 020 | _a8430906053 | ||
| 040 |
_aCO-JMCR _cCO-JMCR |
||
| 041 | 0 | _aspa | |
| 082 | 0 | 4 |
_a304.6 / _bB155p |
| 100 | 1 |
_aKing, Timothy, _ecoordinador _93613 |
|
| 245 | 0 |
_aPolíticas de población y desarrollo económico : _binforme del Banco Mundial / _ccoordinador, Timothy King |
|
| 260 |
_aMadrid : _bTecnos, _c1975 |
||
| 300 |
_a223 páginas ; _c23 cm. |
||
| 490 | 0 | _aBanco mundial | |
| 504 | _aIncluye bibliografía. | ||
| 505 | _aTendencias demográficas recientes y perspectivas futuras -- Efecto del crecimiento demográfico sobre el desarrollo económico -- Efecto del desarrollo económico sobre la fecundidad -- Políticas para disminuir la fecundidad en los países en desarrollo | ||
| 520 | _aHe aquí la última y más autorizada información al alcance de cualquier lector sobre el crecimiento de la población mundial, su efecto sobre los esfuerzos para combatir la pobreza y mejorar el nivel de vida. | ||
| 650 | 1 | 4 |
_aDesarrollo económico _93614 |
| 650 | 2 | 4 |
_aDemografía Fecundidad humana _93615 |
| 942 |
_2ddc _cBK |
||